| 000 | 00000nas##2200000za#4500 |
| 001 | 9.508376 |
| 003 | CaOODSP |
| 005 | 20220125145840 |
| 007 | ta |
| 008 | 150406c1991||||xxc|| p #||||f| |0eng|d |
| 022 | |a0015-3702 |
| 040 | |aCaOODSP|beng |
| 041 | |aeng |
| 041 | |afre |
| 043 | |an-cn--- |
| 086 | 1 |aDC2-2 |
| 110 | 1 |aCanada. |bDepartment of National Defence. |
| 245 | 10|aFlight comment / |cProduced by Directorate of Flight Safety. |
| 260 | |aOttawa - Ontario : |bNational Defence |
| 310 | |aThree times a year |
| 500 | |aNumbering starts from issue 1 each year. Three times a year from Issue 1, 2006. |
| 520 | 3 |aPromotes flight safety in the Canadian Forces by disseminating ideas and lessons learned from on-the-job experience. All issues include a poster on an issue related to flight safety. |
| 563 | |aSoftcover |
| 690 | 07|aArmed forces|2gcpds |
| 690 | 07|aMilitary aviation|2gcpds |
| 776 | 0#|tFlight comment |w(CaOODSP)9.505041 |
| 792 | |tPropos de vol / |efre|w(CaOODSP)9.508377 |